El Self-Moving Garantía de independencia del Poder Judicial : la inamovilidad de los Jueces Federales, Nacionales y Provinciales /

Guardado en:
Autor Principal: Fayt, Carlos S.
Formato: Libro
Idioma:Spanish
Publicado: Buenos Aires : La Ley, 2000
Edición:1a. ed.
Materias:
Etiquetas: Agregar Etiqueta
Sin Etiquetas, Sea el primero en etiquetar este registro!
LEADER 00551nam a22001575a 4500
001 DER.der012204
008 180615s2000####ag#||||||||||||||#||spa||
005 20251229181823.0
245 1 0 |a El Self-Moving Garantía de independencia del Poder Judicial :  |b la inamovilidad de los Jueces Federales, Nacionales y Provinciales /  |c Carlos S. Fayt. 
250 |a 1a. ed. 
260 |a Buenos Aires :  |b La Ley,  |c 2000 
300 |a 243 p. 
020 |a 9505272928 
100 1 |a Fayt, Carlos S. 
650 7 |a DERECHO CONSTITUCIONAL 
859 |a DERECHO  |b BIB. DERECHO  |h 342.023  |i FAY  |p 006914